LIBRARY ONLINE CATALOGUE

Development planning in East Africa. (Record no. 12633)

MARC details
000 -LEADER
fixed length control field 00496nam a22001812 4500
001 - CONTROL NUMBER
control field 0000001713
005 - DATE AND TIME OF LATEST TRANSACTION
control field 20151217155813.0
008 - FIXED-LENGTH DATA ELEMENTS--GENERAL INFORMATION
fixed length control field 070322s xx 000 0 eng d
040 ## - CATALOGING SOURCE
Original cataloging agency KABU
Transcribing agency KABU
050 #0 - LIBRARY OF CONGRESS CALL NUMBER
Classification number HC860
Item number .C53
245 10 - TITLE STATEMENT
Title Development planning in East Africa.
260 ## - PUBLICATION, DISTRIBUTION, ETC. (IMPRINT)
Place of publication, distribution, etc. Nairobi :
Name of publisher, distributor, etc. EAPH,
Date of publication, distribution, etc. 1965.
300 ## - PHYSICAL DESCRIPTION
Extent vi, 154 p.
651 #0 - SUBJECT ADDED ENTRY--GEOGRAPHIC NAME
Geographic name Africa, East
General subdivision Economic policy.
-- 0000150685
908 ## - PUT COMMAND PARAMETER (RLIN)
Put command parameter 070322
950 ## - LOCAL HOLDINGS (RLIN)
-- 1
Holdings
Withdrawn status Lost status Source of classification or shelving scheme Not for loan Home library Current library Date acquired Total Checkouts Full call number Barcode Date last seen Price effective from Koha item type
    Library of Congress Classification   Kabarak, Main Campus Kabarak, Main Campus 17/12/2015   HC860 .C53 001901 17/12/2015 17/12/2015 Africana Collection